000 01262cam a2200337 i 4500
001 22631
003 Mx-PuUPA
005 20260128202429.0
008 140415s1985 mx gr 000 0 spa d
020 _a9786072125780
040 _cMx-
_aMx-PuUPA
_bspa
_dMx-PuUPA
_erda
041 0 _aspa
100 1 _aGuerra Vargas, Rosa Luisa,
_d1971-
_917741
_eautor
245 1 3 _aEl poder de escribir bien /
_cRosa Luisa Guerra Vargas
246 1 4 _aEl poder de escribir bien :
_btemas básicos con explicaciones sencillas y amenas.
250 _aPrimera edición /
_bnoviembre
264 1 _aCiudad de México :
_bEdiciones Larousse,
_c©2021
300 _a160 páginas ;
_c24 cm
336 _2rdacontent
_atexto
_btxt
337 _2rdamedia
_asin medio
_bn
338 _2rdacarrier
_avolumen
_bnc
500 _a"Ejemplos claros ; Consejos útiles ; Ejercicios para cada tema ; Respuestas para autoevaluarte". -- Cubierta
650 7 _2armarc
_aArte de escribir
650 7 _2armarc
_aEscritura creativa
_xTécnica
650 7 _2armarc
_aEspañol
_xcomposición y ejercicios
650 7 _2armarc
_aEspañol
_xGramatica
650 7 _2armarc
_aEspañol
_xOrtografía
942 _2ddc
_cLI
_h808.027
_iG24
999 _c22631
_d22631